00533 2200217 4500001002100000005001500021035002000036008004100056245005200097100001600149260002600165300002300191020001900214084001400233082000800247650001600255990001100271990001100282990001100293990001100304INLIS00000000000251920211201120845 a0010-0621002119211201 g 0 ind 1 aAnalisis Obat Secara Kromatografi Dan Mikoskopi1 aStahl, Egon aBandung :bITB,c1985 a267 hlm. ;c21 cm. a979-3507-15-2x a615 STA a a615 4aFarmakologi a026460 a026458 a026459 a026462